| 000 | 01044nam a22003491 4500 | ||
|---|---|---|---|
| 001 | 01107648 | ||
| 003 | DO-SdBPM | ||
| 005 | 20260506134248.0 | ||
| 007 | ta | ||
| 008 | 920725s1998 sp spa | ||
| 017 |
_a _b |
||
| 020 | _a8423650502 | ||
| 035 | _a | ||
| 040 |
_aDO-SdBPM _bspa _cBPMSU _erda |
||
| 082 | 4 |
_a370.114 _bP979e 1998 _222 |
|
| 100 | 1 |
_aPuig Rovira, J. M. _eautor _4aut. |
|
| 245 | 1 | 0 |
_aEducación moral en la escuela : _b teroría y prácitica / _cJ. M. Puig Rovira, Martín García _h |
| 260 |
_b _c |
||
| 264 |
_aBarcelona : _bEdebé, _c1998 |
||
| 300 |
_a 195 páginas ; _c23 cm |
||
| 336 |
_atexto _btxt _2rdaconten |
||
| 337 |
_asin mediación _bn _2rdamedia |
||
| 338 |
_avolumen _bnc _2rdacarrier |
||
| 490 | 0 |
_aInnova _v |
|
| 590 | _aInventariado, 2026/VM | ||
| 650 | 4 |
_aEducación en valores _v _2 |
|
| 650 | 7 | _aEnseñanza de la ética | |
| 650 | 4 |
_aValores (Filosofía) _xEnseñanza |
|
| 700 | 1 | _a García, Martín | |
| 910 | _aVMateo V. Control de calidad. BPMSU | ||
| 942 |
_2ddc _cBK |
||
| 999 |
_c15823 _d15823 |
||